Um dia de neve (Record no. 118289)

MARC details
000 -LÍDER
campo de controle de tamanho fixo 01465 a2200253 4500
001 - NÚMERO DE CONTROLE
campo de controle 118289
020 ## - ISBN - INTERNATIONAL STANDARD BOOK NUMBER
ISBN - International Standard Book Number 9788574069630
020 ## - ISBN - INTERNATIONAL STANDARD BOOK NUMBER
Informação qualificadora enc.
041 ## - CÓDIGO DE IDIOMA
Código do idioma do texto/trilha sonora ou título diferente por
082 ## - CDD - CLASSIFICAÇÃO DECIMAL DE DEWEY
Número de Classificação [E]
040 ## - FONTE DA CATALOGAÇÃO
Instituição da catalogação original BR-BrIDEA
Instituição que transcreveu o registro BR-BrIDEA
090 ## - NÚMERO DE CHAMADA LOCAL
Número de chamada (OCLC) (R); Número de chamada, CALL (RLIN) (NR) Year 1 [E]
Número Cutter local (OCLC); Número de classificação do livro, CALL (RLIN) KEA
100 ## - ENTRADA PRINCIPAL--NOME PESSOAL
Nome pessoal Keats, Ezra Jack.
240 10 - TÍTULO UNIFORME
Título uniforme The snowy day
245 10 - TÍTULO
Título Um dia de neve
Indicação de responsabilidade, etc. Ezra Jack Keats ; tradução de Julia Bussius
260 ## - PUBLICAÇÃO, DISTRIBUIÇÃO, ETC.
Local de publicação, distribuição, etc. São Paulo
Nome do editor, distribuidor, etc. Companhia das Letrinhas
Data da publicação, distribuição, etc. 2021
300 ## - DESCRIÇÃO FÍSICA
Extensão [32] p.
520 ## - NOTA DE RESUMO, ETC
Resumo, etc. livro ilustrado, esta é a primeira obra de Ezra Jack Keats publicada no Brasil. Nela conhecemos Peter e sua primeira aventura em um dia de neve. Em uma manhã de inverno, Peter acorda e vê pela janela que tudo está coberto pela neve. Então ele resolve sair para explorar a vizinhança nevada… e descobrir novas brincadeiras! Com leveza e animação, os leitores são convidados a acompanhar as aventuras desse garoto curioso e empolgado em viver novas experiências. Em um livro ilustrado que marcou sua época, Ezra Jack Keats foi considerado pioneiro ao retratar um cenário urbano e multicultural para as crianças. Com ilustrações a partir de colagens de papéis e tecidos de todo o mundo, o livro se tornou um clássico desde sua publicação em 1962. Livro indicado para leitores a partir de 4 anos.
697 ## - ENTRADA DE ASSUNTO LOCAL--ENTIDADE COLETIVA (RLIN)
Nome corporativo ou nome da jurisdição Snow - Fiction.
697 ## - ENTRADA DE ASSUNTO LOCAL--ENTIDADE COLETIVA (RLIN)
Nome corporativo ou nome da jurisdição African Americans - Fiction.
700 ## - ENTRADA ADICIONADA - NOME PESSOAL
Nome pessoal Bussius, Julia
Função do autor por extenso tradutora
856 ## - LOCALIZAÇÃO ELETRÔNICA E ACESSO
Uniform Resource Identifier <a href="00002f/00002f98.jpg">00002f/00002f98.jpg</a>
942 ## - ELEMENTOS DE ENTRADA ADICIONADOS (KOHA)
Tipo de material Koha Livros
Holdings
Situação do descarte Situação das perdas Fonte da classificação ou esquema de arquivamento na estante Situação física Não pode ser emprestado Biblioteca de origem Biblioteca atual Data de aquisição Total de empréstimos Número de chamada completo Código de barras Data de último acesso Data do preço efetivo Tipo de material Koha
    Classificação Decimal de Dewey     ECB - SUDOESTE ECB - SUDOESTE 04/04/2022   Year 1 [E] KEA 00057987SSW 23/01/2024 23/01/2024 Livros